000 00705aaa a2200229 4500
001 13330
003 BD-JhCC
005 20230830101615.0
008 230623s20172021bg a|||| ||a| 00| 0 ben d
020 _a9789848055007
035 _a(BD-JhCC)13330
040 _aBD-JhCC
_dBD-JhCC
041 _aben
082 _a891.4435
_bIQB 2021
100 _aইকবাল, মুহাম্মদ জাফর
245 _aইচ্ছা পূরণ /
_bমুহাম্মদ জাফর ইকবাল
260 _aঢাকা :
_bঅনন্যা,
_c২০২১
300 _a১৬ পৃ. :
_c২২ সেমি.
651 _aBengali short story
942 _2ddc
_cBK
_016
999 _c13330
_d13330